| 000 | 00502nam a2200205Ia 4500 | ||
|---|---|---|---|
| 008 | 210210b2007 xxu||||| |||| 00| 0 eng d | ||
| 020 | _a0230632602 | ||
| 041 | _aeng | ||
| 082 | _a334.2 INDL | ||
| 100 | _aINDIAN INSTITUTE OF BANKING AND FINANCE | ||
| 245 | _aLaws of co-operative banking | ||
| 260 |
_aNew Delhi _bMacmillan & Co. Ltd. _c2007 |
||
| 300 | _a302 | ||
| 650 | _aof | ||
| 650 | _aLaws | ||
| 650 | _aco-operative | ||
| 650 | _abanking | ||
| 690 | _aCooperation | ||
| 906 | _a062308 | ||
| 999 |
_c117414 _d117414 |
||